| 000 | 01498cad a22002415a 4500 | ||
|---|---|---|---|
| 001 | L143418 | ||
| 008 | 080507s2008 d f s 000 0 eng d | ||
| 035 | _a(Sirsi) u143418 | ||
| 041 | 0 | _aeng | |
| 050 | 0 | 4 | _a333.33 $2 18 |
| 110 | 2 |
_aColliers International Property Consultants _91881 |
|
| 245 | 0 | 0 |
_aGlobal office real estate review 2008 _h[electronic resource] |
| 260 |
_a[S.l.] _bColliers _c2008 |
||
| 490 | 0 |
_aColliers Global Office Real Estate Review _v2008 |
|
| 520 | _aReveals office space remains in high demand for most regions of the world, demonstrated by lower vacancies and higher rents. However, the pace of falling vacancies and higher rents has dropped from six months ago as the impact of the global credit crunch impacts on several principal financial centres. US and Canadian office markets recorded modest slowdown in the latter half of 2007, while the Asia Pacific region posted uneven results with an increase in the regional vacancy rate. The office markets in Europe, the Middle East and South Africa recorded reasonable growth, while the Latin American region performed best with substantially lower vacancies and higher rents across nearly all markets. | ||
| 521 | 2 | _aAdvanced | |
| 590 | _aKA NTK | ||
| 650 | 2 | 4 | _aCOLLIERS GLOBAL OFFICE REAL ESTATE REVIEW |
| 651 | 4 | _aInternational | |
| 690 | _aPROPERTY-COMMERCIAL PROPERTY-COMMERCIAL PROPERTY MARKET | ||
| 856 | 4 | 0 |
_uhttps://www.colliers.com _zView the item free of charge at www.colliers.com... |
| 942 | _n0 | ||
| 999 |
_c108153 _d108153 |
||